Diseño y desarrollo de productos (Registro nro. 7780)

Detalles MARC
000 -Cabecera
Campo de control de longitud fija 01449nam a2200469 4500
005 - Fecha y hora de la última transacción
Campo de control 20260112152813.0
008 - Elementos de longitud fija--Información general
Campo de control de longitud fija 160304b2012 xxu||||| |||| 00| 0 spa d
020 ## - International Standard Book Number
Número Internacional Estándar del Libro (ISBN) 9780073404776
041 ## - Idioma
Código de idioma Español
082 ## - Clasificación Decimal Dewey
Número de clasificación 658.575.2 UL45d5
100 ## - Entrada principal--Autor personal
Nombre personal Ulrich, Karl
9 (RLIN) 6404
100 ## - Entrada principal--Autor personal
Nombre personal Eppinger, Stven
9 (RLIN) 6405
245 ## - Título propiamente dicho
Título Diseño y desarrollo de productos
250 ## - Edición
Mención de edición 5 edición
260 ## - Pie de imprenta
Lugar de publicación, distribución, etc. México
260 ## - Pie de imprenta
Nombre del editor, distribuidor, etc. McGraw-Hill
260 ## - Pie de imprenta
Fecha de publicación, distribución, etc. 2012
300 ## - Descripción física
Extensión 409 páginas
490 ## - Serie
Título de la Serie Dirección y Administración de Empresas
650 ## - Materia general
Temática (materia general) DISEÑO DE PRODUCTOS
650 ## - Materia general
Temática (materia general) ADMINISTRACIÓN DE LA PRODUCCIÓN
650 ## - Materia general
Temática (materia general) DISEÑO INDUSTRIAL
650 ## - Materia general
Temática (materia general) PROCESO DE DESARROLLO DEL PRODUCTO
650 ## - Materia general
Temática (materia general) IDENTIFICACIÓN DE LAS NECESIDADES DEL CLIENTE
650 ## - Materia general
Temática (materia general) ORGANIZCIONES
650 ## - Materia general
Temática (materia general) PRODUCCIÓN INDUSTRIAL
650 ## - Materia general
Temática (materia general) PRODUCTOS
650 ## - Materia general
Temática (materia general) PLANEACIÓN DEL PRODUCTO
650 ## - Materia general
Temática (materia general) ESPECIFICACIONES DEL PRODUCTO
650 ## - Materia general
Temática (materia general) DISEÑO PARA MANUFACTURA
650 ## - Materia general
Temática (materia general) GENERACIÓN DE CONCEPTOS
650 ## - Materia general
Temática (materia general) CONSTRUCCIÓN DE PROTOTIPOS
650 ## - Materia general
Temática (materia general) ARQUITECTURA DEL PRODUCTO
650 ## - Materia general
Temática (materia general) DISEÑO INDUSTRIAL
650 ## - Materia general
Temática (materia general) DISEÑO PARA EL AMBIENTE
650 ## - Materia general
Temática (materia general) DISEÑO PARA MANUFACTURA
650 ## - Materia general
Temática (materia general) CONSTRUCCIÓN DE PROTOTIPOS
650 ## - Materia general
Temática (materia general) PATENTES Y PROPIEDAD INTELECTUAL
650 ## - Materia general
Temática (materia general) ECONOMÍA DE DESARROLLO DEL PRODUCTO
650 ## - Materia general
Temática (materia general) ADMINISTRACIÓN DE PROYECTOS
942 ## - Punto de acceso adicional KOHA
Tipo de ítem KOHA Libro
Fuente del sistema de clasificación o colocación Dewey Decimal Classification
Existencias
Signatura completa Código de barras Programa Académico Tipo de ítem
658.575.2 UL45d5 20656 Dirección y Administración de Empresas Libro
658.575.2 UL45d5 20655 Dirección y Administración de Empresas Libro
658.575.2 UL45d5 21432 Dirección y Administración de Empresas Libro